000 00286nam a22001217a 4500
082 _a001
_bRAD/M
100 _aRADHAKRISHNAN, V K
245 _aMANAGEMENT OF LEARNING DISABILITIES
260 _aKOTTAYAM
_bINSPIRE TRUST
_c2010
300 _a63
650 _aPSYCHOLOGY
_zKERALA
942 _cBK
999 _c5593
_d5593